000 00276nam a22001217a 4500
008 180216b xxu||||| |||| 00| 0 eng d
041 _aeng
080 _a61
100 _a4
101 _aSHM
245 _aThe medical clinics of north america
_cSaunders,W.B
942 _2udc
_cBK
999 _c42731
_d42731